Secondhand office space: what is the reality? (Record no. 83946)
[ view plain ]
| 000 -LEADER | |
|---|---|
| fixed length control field | 01312cad a22002295a 4500 |
| 001 - CONTROL NUMBER | |
| control field | L156072 |
| 008 - FIXED-LENGTH DATA ELEMENTS--GENERAL INFORMATION | |
| fixed length control field | 120430s2012 xxk 000 0 eng d |
| 035 ## - SYSTEM CONTROL NUMBER | |
| System control number | (Sirsi) u156072 |
| 041 0# - LANGUAGE CODE | |
| Language code of text/sound track or separate title | eng |
| 100 1# - MAIN ENTRY--PERSONAL NAME | |
| Personal name | Schroeder, Leslie |
| 245 00 - TITLE STATEMENT | |
| Title | Secondhand office space: what is the reality? |
| Medium | [electronic resource] |
| 260 ## - PUBLICATION, DISTRIBUTION, ETC. | |
| Place of publication, distribution, etc. | London |
| Name of publisher, distributor, etc. | CBRE |
| Date of publication, distribution, etc. | 2012 |
| 490 ## - SERIES STATEMENT | |
| Series statement | CBRE UK Regional Offices Viewpoint |
| Volume/sequential designation | Q1 2012 |
| 520 ## - SUMMARY, ETC. | |
| Summary, etc. | Across the regions the availability of good quality, newly completed office space is being squeezed in the face of diminishing supply and limited development, potentially driving up prime rents and putting pressure on incentives. Requirement for newly completed office space continues apace, leaving secondhand and lower quality offices in sales limbo as they rarely meet larger mandates and the desired real estate efficiency. |
| 520 ## - SUMMARY, ETC. | |
| Summary, etc. | Introduction - the supply/demand imbalance - empty buildings - occupier's choice - investor and developer dilemma - conclusions. |
| 590 ## - LOCAL NOTE (RLIN) | |
| Local note | KA |
| 651 #4 - SUBJECT ADDED ENTRY--GEOGRAPHIC NAME | |
| Geographic name | United Kingdom |
| 690 ## - LOCAL SUBJECT ADDED ENTRY--TOPICAL TERM (OCLC, RLIN) | |
| Topical term or geographic name as entry element | Commercial property |
| 9 (RLIN) | 6227 |
| 700 1# - ADDED ENTRY--PERSONAL NAME | |
| Personal name | Marston, Andrew |
| 856 40 - ELECTRONIC LOCATION AND ACCESS | |
| Uniform Resource Identifier | <a href="https://www.cbre.co.uk/portal/page/portal/uk_en/research">https://www.cbre.co.uk/portal/page/portal/uk_en/research</a> |
| Public note | View the report (highlight United Kingdom and Office in the search box, then click on search) at www.cbre.co.uk |
| 942 ## - ADDED ENTRY ELEMENTS (KOHA) | |
| Suppress in OPAC | 0 |
| Withdrawn status | Lost status | Source of classification or shelving scheme | Damaged status | Not for loan | Home library | Current library | Shelving location | Date acquired | Total Checkouts | Full call number | Barcode | Date last seen | Copy number | Price effective from | Koha item type |
|---|---|---|---|---|---|---|---|---|---|---|---|---|---|---|---|
| Dewey Decimal Classification | Virtual | Virtual | Online | 29/04/2012 | ONLINE PUBLICATION | 156072-2001 | 06/08/2019 | 1 | 06/08/2019 | Book |